Trasa Linii 217 (MPK KRAKÓW) - Statystyki

Ogólne statystyki
  • Ten quiz został rozwiązany 6 razy
  • Średni wynik to 2 z 8
Statystyki odpowiedzi
Lp. Ulica Przystanek % Poprawnych
1. al. 29. Listopada Górka Narodowa P+R
100%
2. ↓ al. 29. Listopada Górka Narodowa P+R
60%
3. al. 29. Listopada Witkowicka
40%
5. Węgrzyce ul. A-1Węgrzyce ul. Warszawska Węgrzyce A-1
0%
7. (NŻ) Węgrzyce ul. C1 Węgrzyce Błonie
0%
6. Węgrzyce ul. A4 Węgrzyce Centrum
0%
8. Węgrzyce ul. C1 Węgrzyce Pętla
0%
4. Węgrzyce ul. Warszawska Węgrzyce Starostwo Powiatowe
0%
Nie znaleziono quizów pasujących do podanych kryteriów
Rozkład punktacji
Procent ludzi z każdym wynikiem
Percentyl według liczby udzielonych odpowiedzi
Twoja historia wyników
Nie rozwiązałeś tego quizu